Smalltalk-80 : the interactive programming environment /
Guardado en:
| Autor Principal: | |
|---|---|
| Formato: | Libro |
| Idioma: | English |
| Publicado: |
Reading, Mass. :
Addison-Wesley,
c1984.
|
| Series: | Addison-Wesley series in computer science
|
| Materias: | |
| Etiquetas: |
Agregar Etiqueta
Sin Etiquetas, Sea el primero en etiquetar este registro!
|
| LEADER | 00646cam a2200193 a 4500 | ||
|---|---|---|---|
| 001 | MAT.inmabb004276 | ||
| 008 | 830523s1984####maua##########001#0#eng## | ||
| 005 | 20170427154414.0 | ||
| 245 | 1 | 0 | |a Smalltalk-80 : |b the interactive programming environment / |c Adele Goldberg. |
| 260 | |a Reading, Mass. : |b Addison-Wesley, |c c1984. | ||
| 300 | |a xi, 516 p. : |b il. ; |c 25 cm. | ||
| 440 | 0 | |a Addison-Wesley series in computer science | |
| 020 | |a 0201113724 | ||
| 100 | 1 | |a Goldberg, Adele. | |
| 650 | 0 | |a Smalltalk-80 (Computer program language) | |
| 084 | |a 68N15 |2 msc2000 | ||
| 010 | |a 83011856 | ||
| 040 | |a DLC |c DLC |d DLC | ||
| 859 | |h 68 |i G618s |p A-6501 |b BIB. MATEMATICA | ||
